Wavelet transforms: Introduction to theory and applications (Record no. 207502)
[ view plain ]
| 000 -LEADER | |
|---|---|
| fixed length control field | 00451nam a2200157Ia 4500 |
| 008 - FIXED-LENGTH DATA ELEMENTS--GENERAL INFORMATION | |
| fixed length control field | 231221s9999 xx 000 0 und d |
| 041 ## - LANGUAGE CODE | |
| Language code of text/sound track or separate title | English |
| 082 ## - DEWEY DECIMAL CLASSIFICATION NUMBER | |
| Classification number | 621.38481 RAO; |
| 100 ## - MAIN ENTRY--PERSONAL NAME | |
| Personal name | Rao, Raghuveer, M Bopardikar, Ajit S |
| 245 #0 - TITLE STATEMENT | |
| Title | Wavelet transforms: Introduction to theory and applications |
| 260 ## - PUBLICATION, DISTRIBUTION, ETC. | |
| Date of publication, distribution, etc. | 1998 |
| Name of publisher, distributor, etc. | Pearson |
| Place of publication, distribution, etc. | Delhi |
| 300 ## - PHYSICAL DESCRIPTION | |
| Extent | 313 |
| 300 ## - PHYSICAL DESCRIPTION | |
| Dimensions | 37809 |
| 650 ## - SUBJECT ADDED ENTRY--TOPICAL TERM | |
| Topical term or geographic name entry element | Wavelet,transforms:,theory,applications |
| 942 ## - ADDED ENTRY ELEMENTS (KOHA) | |
| Koha item type | Floppies |
| Date last seen | Total checkouts | Full call number | Accession number | Price effective from | Category | Lost status | Damaged status | Department | Withdrawn status | Home library | Current library | Shelving location | Entry date | Vendor | Grants | Billnumber | Billdate | Currency symbol | Conversion rate | Discount | Old discount |
|---|---|---|---|---|---|---|---|---|---|---|---|---|---|---|---|---|---|---|---|---|---|
| 26/01/2024 | 621.38481 RAO; | FP526 | 26/01/2024 | Floppies | CS | Central Library | Central Library | CS | Book Paradise | EC | 26212 | 21/06/2010 | RS | 1 | 20 |
